Countries by Their 10 Largest Cities - Europe - Statistics

General Stats
  • This quiz has been taken 106 times
  • The average score is 7 of 9
Answers on the Map
Answers color-coded by a green-red scale on the quiz's map according to % correct below.
 
Answer Stats
Countries % Correct
3 Germany
90%
4 Spain
89%
5 Italy
88%
1 France
85%
8 United Kingdom
85%
9 Poland
76%
6 Romania
70%
2 Sweden
65%
7 Belarus
55%
No matching quizzes found
Score Distribution
Percent of People with Each Score
Percentile by Number Answered
Your Score History
You have not taken this quiz